| 000 | 01018nam a22002417a 4500 | ||
|---|---|---|---|
| 999 |
_c791 _d791 |
||
| 003 | AR-CdUCM | ||
| 008 | 190225b ||||| |||| 00| 0 spa d | ||
| 020 | _a8483870460 | ||
| 040 |
_aMUNICIPALIDAD PROVINCIAL DEL CUSCO _cBIBLIOTECA MUNICIPAL DEL CUSCO |
||
| 082 |
_a985.01 / _bD26 |
||
| 100 |
_aBauer, Brian S. _93012 |
||
| 245 | _aEl desarrollo del estado Inca / | ||
| 260 |
_aCusco : _bBartolomé de Las Casas, _c1996. |
||
| 300 |
_a216 páginas ; _bilustraciones, fotos, mapas ; _c23 cm. |
||
| 440 |
_aEstudios y Debates Regionales Andinos ; _n96 _93013 |
||
| 505 | _aLa jerarquía social de la región de Cuzco -- La cronología del Cuzco -- El área de estudio y la metodología usada -- La producción y el intercambio de cerámica de estilo killke en la región del Cuzco -- Maukallaqta y Puma Orco ... | ||
| 650 |
_aHistoria _9136 |
||
| 650 |
_aPeriodo incaico _93014 |
||
| 650 |
_akillke _93015 |
||
| 700 |
_aFlores Espinosa, Javier (traductor) _93016 |
||
| 942 |
_2ddc _cLIBROS |
||
| 945 |
_araen _d2019-02-25 |
||